|
|
|
|
| LEADER |
00673cam a2200205 7i4500 |
| 001 |
0000017977 |
| 005 |
20151104090000.0 |
| 005 |
##20151104121300.0 |
| 003 |
##MY-KlINT |
| 020 |
# |
# |
|a 1576753034
|
| 039 |
# |
9 |
|y 201511041213
|z VLOAD
|
| 090 |
0 |
0 |
|a 337
|b ALT
|
| 245 |
0 |
0 |
|a Alternatives to economic globalizatian :
|b a better world is possible;
|f by John Cavanagh and Jerry Mander.
|
| 260 |
# |
# |
|a San Francisco:
|b Berrett - koehler publishers,inc.,
|c 2004.
|
| 300 |
# |
# |
|a xvii,408p.;
|c 23.
|
| 500 |
# |
# |
|a Includes bibliographical references and index
|
| 650 |
# |
0 |
|a International economic relations
|
| 650 |
# |
0 |
|a Economic development
|
| 700 |
0 |
# |
|a Mander,
|h Jerry
|
| 700 |
0 |
# |
|a Cavanagh,
|h John
|